000 00616nam a2200205 4500
003 OSt
005 20240705030513.0
006 a
008 240705b |||||||| |||| 00| 0 eng d
020 _a9780470049631
040 _aDWCL-Main lib.
_cOC
082 _aCirc. 518 Ep64i 2007
100 _aEpperson, James F.
245 _aAn introduction to numerical methods and analysis /
260 _aN.J.:
_bJohn Wiley & Sons, Inc.,
_cc2007.
300 _axvii,
_b572p.: ill;
_e24 cm.
504 _aIncludes bibliographical references & index.
650 _a1. Numerical analysis.
942 _2ddc
_n0
_cBK-CIRC
_kCirc.
999 _c2007
_d2007